00347nam a2200121Ia 4500008004100000041000800041082001500049100001600064245006200080260004200142300003200184365000900216240624s9999 xx 000 0 und d aeng a332.64 WEB aWEBBER NICK aIMPLEMENTING MODELS OF FINANCIAL DERIVATIVES OBJECT ORIEN c2011aNew JerseybJohn Wiley and Sons axvii, : 674 : p. : cm. ; 26 cb27